América Latina: integración y proyecto de desarrollo /

Kaydedildi:
Detaylı Bibliyografya
Yazar: Arancibia Córdova, Juan
Materyal Türü: Metin
Konular:
Etiketler: Etiketle
Etiket eklenmemiş, İlk siz ekleyin!

MARC

LEADER 00000 a a2200000 04500
001 45970
003
040
100 |a Arancibia Córdova, Juan  
245 |a América Latina:  |b integración y proyecto de desarrollo /  |c Juan Arancibia Córdova  
650 |a AMERICA LATINA  
773 |g número55 (1991), páginas 18-22  
999 |c 27929  |d 27929